Obtención de carne.

保存先:
書誌詳細
第一著者: Paltrinieri, Gaetano (autor)
フォーマット: 図書
言語:スペイン語
シリーズ:(Manuales para educación agropecuaria. Area industriales rurales ; I.R. 5)
主題:
タグ: タグ追加
タグなし, このレコードへの初めてのタグを付けませんか!

MARC

LEADER 00000cam^a2200000uu^4500
001 000483168
005 20250521000000.0
008 050901s1981^^^^^^^^^^^^rd^r^^000^0^spa^d
009 20260310125105.546
022 |a 9682411106 
035 |a FCE 000026219 
035 |a FCE 017300 
037 |a Acervo ITESO - Biblioteca 
041 |a spa 
082 0 4 |a 082.373246  |b I.R. 5 
100 |a Paltrinieri, Gaetano  |e (autor) 
245 1 0 |a Obtención de carne. 
264 |a México :  |b Trillas : SEP,  |c 1981. 
300 |a 96 p. 
336 |a texto  |b txt  |2 rdacontenido 
337 |a sin mediación  |b n  |2 rdamedio 
338 |a volumen  |b nc  |2 rdasoporte 
440 0 |a (Manuales para educación agropecuaria. Area industriales rurales ; I.R. 5) 
649 |a XX 
650 |a Manual 
650 |a Industrialización 
650 |a Producción de alimentos 
650 |a Educación agropecuaria 
650 |a Educación técnica 
910 |a Fondo Centro de Estudios Educativos 
920 |a Impresos - Libros 
930 |a Fondos Especiales 
905 |a 133 
901 |a ALE017300  |b IT2  |c CEE  |u 20250521 
902 |a https://opac.biblio.iteso.mx/vufind/Record/000483168